Hailee Steinfeld Movies - Statistics

General Stats
  • This quiz has been taken 83 times
    24 since last reset
  • The average score is 11 of 26
Answer Stats
Year Movie % Correct
2010 True Grit
89%
2018 Spider-Man: Into the Spider-Verse
83%
2018 Bumblebee
78%
2015 Pitch Perfect 2
78%
2017 Pitch Perfect 3
78%
2023 Spider-Man: Across the Spider-Verse
72%
2016 The Edge of Seventeen
67%
2023 The Marvels
67%
2013 Romeo and Juliet
61%
2013 Ender's Game
56%
2015 Barely Lethal
50%
2013 Begin Again
44%
2015 Ten Thousand Saints
44%
2014 3 Days to Kill
39%
2019 Charlie's Angels
39%
2013 Hateship Loveship
33%
2016 Term Life
33%
2014 The Homesman
33%
2014 The Keeping Room
33%
TBD Spider-Man: Beyond the Spider-Verse
22%
2014 When Marnie Was There
22%
2019 Between Two Ferns: The Movie
6%
2018 Blockers
0%
2018 Fifty Shades Freed
0%
2016 How to Be Single
0%
2015 Jem and the Holograms
0%
No matching quizzes found
Score Distribution
Percent of People with Each Score
Percentile by Number Answered
Your Score History
You have not taken this quiz since the last reset